000 00744nam a2200265Ia 4500
003 OSt
005 20220918191205.0
006 a|||||r|||| 00| 0
007 ta
008 220917b |||||||| |||| 00| 0 eng d
024 _a61,924
037 _cTextual
040 _aARTS
_cARTS
_beng
041 _2eng
_aeng
082 _aQ41:22512:g, J41;L2 (Q4)
100 _aThera Narada tr
_975230
245 0 _aDhammapada
260 _aNew Delhi
_bSagar Pub
_c1972
300 _axvi,333p.
_ccm.
490 _aGift of truth excels all other gifts
650 _aRELIGION
700 _a Vajirarama tr
_975231
942 _hQ41:22512:g, J41;L2 (Q4)
_cTEXL
_2CC
999 _c188682
_d188682